000
00235nam a2200109Ia 4500
999
_c
8723
_d
8723
020
_a
978-0136009986
100
_a
Philip Kotler
245
0
_a
Marketing Management
260
_a
New york
_b
Prentice
_c
2002
300
_a
1110
942
_c
BK